000 00535nam a2200193 i 4500
001 bg
100 1 _aHELLWIG, Zdzisław
245 0 _aElementy rachunku prawdopodobieństwa i statystyki matematycznej /
_cZdzisław Hellwig.
250 _aWyd. 10.
260 _aŁódź,
_c1987
_aPWN.
650 9 _aRachunek prawdopodobieństwa
650 9 _aStatystyka matematyczna
655 _aPodręczniki akademickie
040 _cBPK
041 _apol
080 _a519.2(075.8)
942 _cKS
008 s pl f |000 0 pol
999 _c3409
_d3409
856 _uhttp://koha.tu.koszalin.pl/cgi-bin/koha/opac-detail.pl?biblionumber=3409
_yKatalog online BPK